000 01083nam a22004097a 4500
001 BR2011001783
003 BR-BrBNA
005 20230928103626.0
007 ta
008 230509b bl.||||| |||| 00| 0 por d
040 _aBR-BrBNA
_bpor
_cBiblioteca Nacional de Agricultura
041 _a(Por)
072 _aF01; E71
_b0810
090 _ 0810 BR2011001783
110 1 _aInstituto Brasileiro de Frutas, São Paulo, SP (Brasil)
_95774
110 1 _aBrasilian Fruit, São Paulo, SP (Brasil)
245 1 _aManual de controle operacional para exportação de melão
260 3 _aSão Paulo, SP (Brasil):
_c[nd].
300 _a45 p.
650 _aMELÃO
650 _aMERCADO MUNDIAL
650 _aEXPORTAÇÃO
650 _aIMPORTAÇÃO
650 _aPOLPA
650 _aCASCA
650 _aACONDICIONAMENTO
650 _aEMBALAGEM
650 _aTAMANHO
650 _aPRE-COLHEITA
650 _aTEXTURA
650 _aCOR
650 _aAROMA
650 _aMATURAÇÃO
650 _aTRANSPORTE
909 _a202309
_bLucia
_c55
_dLucia Elande
942 _cBK
999 _c75862
_d75862